000 02050cam a2200265 4500
008 000000n2003 000 0 eng u
020 _a1842190636
035 _a(Sirsi) u113055
041 0 _aeng
050 0 4 _a549.66 $2 18
110 2 _aRoyal Institution of Chartered Surveyors
_94900
245 0 0 _aAsbestos and its implications for members and their clients
_bRICS guidance note
_h[old edition]
260 _aLondon
_bRICS
_c2003
300 _aix, 97p.
_c30cm.
350 _a30
490 0 _aRICS Guidance Note
505 2 _aRisk to RICS members -- Surveyors' responsibilities -- Responsibility of others (employer, landlord, tenant, occupant) -- Services offered by surveyors -- Limitations and exclusions -- Insurance -- Asbestos inspection -- Sampling asbestos -- Management plan -- Types of property -- Asbestos removal -- Health issues and risks arising from asbestos -- Extent of Asbestos-Containing Materials (ACMs) -- Regulations -- Flow chart to determine Regulation 4: dutyholder -- Legal issues arising and cases -- Competence of thise involved in inspection for, and in sampling, assessment and removal of asbestos -- Chart showing whether residential premises are likely to be classified as domestic or non-domestic for the purposes of Regulation 4 of the CAWR 2002.
520 _aAims to give readers a balanced and pragmatic appreciation of the various issues surrounding asbestos, with particular regard to its use in buildings and structures. Includes guidance for surveyors working in specific areas of practice and outlines the responsibilities of dutyholders. Bibliography
520 _aSuperseded by 2nd. edition (ISBN 9781842194508).
650 2 4 _aCONTROL OF ASBESTOS AT WORK REGULATIONS 2002
651 4 _aUnited Kingdom
690 _aMANAGEMENT-HEALTH AND SAFETY-HAZARDOUS SUBSTANCES-ASBESTOS
856 _uhttps://www.isurv.com/downloads/file/3173/archive_asbestos_and_its_implications_for_members_and_their_clients_1st_edition_june_2003-2009
_zArchived on isurv (subscription required)
942 _n0
_2ddc
999 _c101503
_d101503